Statistiques concernant Les 10 états les plus grands des USA

Cliquez ici pour prendre le quiz!

Statistiques générales

  • Ce quiz a été pris 190 fois
  • Le résultat moyen est 7 sur 10

Statistiques - réponses

Placesuperficie (en km2)Réponse% Correct
2696 621Texas
98%
3423 970Californie
94%
11 717 854Alaska
85%
6295 254Arizona
71%
7286 351Nevada
70%
5314 915Nouveau-Mexique
70%
8269 601Colorado
63%
4380 834Montana
59%
9254 805Oregon
55%
10253 336Wyoming
51%

Distribution des résultats

Percentile par nombre de réponses

% des personnes avec chaque résultat

Votre développement - résultats

Vous n’avez pas pris ce quiz